Daily Capital City Riddle #92 - Statistics

General Stats
  • This quiz has been taken 38 times
  • The average score is 33 of 38
Answer Stats
Type Answer % Correct
Found Letter A
100%
Alphabet Letter D
100%
Found Letter I
100%
Found Letter N
100%
Found Letter O
100%
Found Letter R
100%
Found Letter S
100%
Alphabet Letter T
97%
Alphabet Letter C
94%
Alphabet Letter G
94%
Alphabet Letter K
94%
Alphabet Letter L
94%
Found Letter B
91%
Found Letter E
91%
Alphabet Letter M
91%
Correctly Placed Letter O
91%
Alphabet Letter H
88%
Alphabet Letter P
88%
Found Letter U
88%
Correctly Placed Letter B
84%
Correctly Placed Letter U
84%
Alphabet Letter W
84%
Correctly Placed Letter I
81%
Alphabet Letter V
81%
Alphabet Letter X
81%
Alphabet Letter Y
81%
Alphabet Letter J
78%
Correctly Placed Letter N
78%
Correctly Placed Letter E
75%
Correctly Placed Letter R
75%
Correctly Placed Letter S
75%
Correctly Placed Letter A
72%
Mystery Capital Buenos Aires
72%
Correctly Placed Letter E
72%
Alphabet Letter F
72%
Alphabet Letter Q
72%
Correctly Placed Letter S
72%
Alphabet Letter Z
72%
No matching quizzes found
Score Distribution
Percent of People with Each Score
Percentile by Number Answered
Your Score History
You have not taken this quiz